South Eastern Kenya University

Library Online Public Access Catalogue


Urban girls : (Record no. 16959)

MARC details
000 -LEADER
fixed length control field 01437cam a2200361 a 4500
001 - CONTROL NUMBER
control field 12179797
003 - CONTROL NUMBER IDENTIFIER
control field OSt
005 - DATE AND TIME OF LATEST TRANSACTION
control field 20180721105354.0
008 - FIXED-LENGTH DATA ELEMENTS--GENERAL INFORMATION
fixed length control field 000920s1999 enk b 000 0 eng d
010 ## - LIBRARY OF CONGRESS CONTROL NUMBER
LC control number 00693283
015 ## - NATIONAL BIBLIOGRAPHY NUMBER
National bibliography number GB99-X5532
020 ## - INTERNATIONAL STANDARD BOOK NUMBER
International Standard Book Number 1853394750
035 ## - SYSTEM CONTROL NUMBER
System control number (OCoLC)ocm41465627
040 ## - CATALOGING SOURCE
Original cataloging agency SEKU
Modifying agency DLC
042 ## - AUTHENTICATION CODE
Authentication code lccopycat
050 00 - LIBRARY OF CONGRESS CALL NUMBER
Classification number HQ777
Item number .B245 2000
082 00 - DEWEY DECIMAL CLASSIFICATION NUMBER
Classification number 305.23
Edition number 21
100 1# - MAIN ENTRY--PERSONAL NAME
Personal name Barker, Gary
Fuller form of name (Gary Thomas)
245 10 - TITLE STATEMENT
Title Urban girls :
Remainder of title empowerment in especially difficult circumstances /
Statement of responsibility, etc. Gary Barker and Felicia Knaul with Neide Cassaniga and Anita Schrader.
260 ## - PUBLICATION, DISTRIBUTION, ETC. (IMPRINT)
Place of publication, distribution, etc. London :
Name of publisher, distributor, etc. Intermediate Technology,
Date of publication, distribution, etc. 2000.
300 ## - PHYSICAL DESCRIPTION
Extent 135 p. ;
Dimensions 23 cm.
504 ## - BIBLIOGRAPHY, ETC. NOTE
Bibliography, etc Includes bibliographical references.
650 #0 - SUBJECT ADDED ENTRY--TOPICAL TERM
Topical term or geographic name as entry element Girls
General subdivision Social conditions.
650 #0 - SUBJECT ADDED ENTRY--TOPICAL TERM
Topical term or geographic name as entry element Urban women
General subdivision Social conditions.
650 #0 - SUBJECT ADDED ENTRY--TOPICAL TERM
Topical term or geographic name as entry element Young women
General subdivision Social conditions.
700 1# - ADDED ENTRY--PERSONAL NAME
Personal name Knaul, Felicia Marie.
700 1# - ADDED ENTRY--PERSONAL NAME
Personal name Cassaniga, Neide.
856 42 - ELECTRONIC LOCATION AND ACCESS
Materials specified Publisher description
Uniform Resource Identifier <a href="http://www.loc.gov/catdir/enhancements/fy1115/00693283-d.html">http://www.loc.gov/catdir/enhancements/fy1115/00693283-d.html</a>
856 41 - ELECTRONIC LOCATION AND ACCESS
Materials specified Table of contents only
Uniform Resource Identifier <a href="http://www.loc.gov/catdir/enhancements/fy1115/00693283-t.html">http://www.loc.gov/catdir/enhancements/fy1115/00693283-t.html</a>
906 ## - LOCAL DATA ELEMENT F, LDF (RLIN)
a 7
b cbc
c copycat
d 2
e ncip
f 20
g y-gencatlg
942 ## - ADDED ENTRY ELEMENTS (KOHA)
Source of classification or shelving scheme Library of Congress Classification
Koha item type General circulation
Holdings
Withdrawn status Lost status Source of classification or shelving scheme Damaged status Not for loan Home library Current library Shelving location Date acquired Total Checkouts Total Renewals Full call number Barcode Date last seen Date last checked out Price effective from Koha item type
    Library of Congress Classification     Wote Campus Library Wote Campus Library General Stacks 21/07/2018 1 1 HQ777 .B245 2000 2018/020506 08/07/2019 04/06/2019 21/07/2018 General circulation
Kitui, Kenya.
+254736116989
library@seku.ac.ke